US Cities along notable waterways - Statistics

General Stats
  • This quiz has been taken 61 times
  • The average score is 12 of 15
Answer Stats
Hint Answer % Correct
Lake Michigan Chicago | Milwaukee | Racine | Evanston | Gary | Kenosha | Hammond | Waukegan
98%
Lake Erie Cleveland | Toledo | Buffalo | Erie
98%
Mississippi River New Orleans | Kenner | Baton Rouge | Memphis | St. Louis | Davenport | Dubuque | La Crosse | St. Paul | Minneapolis | Brooklyn Park | Coon Rapids | St. Cloud
95%
Hudson River New York City | Jersey City | Hoboken | West New York | Yonkers | Albany | Troy
95%
Rio Grande Brownsville | Matamoros | Reynosa | McAllen | Pharr | Mission | Nuevo Laredo | Laredo | Piedras Negras | Ciudad Acuna | Ciudad Juarez | El Paso | Las Cruces | Albequerque | Rio Rancho
93%
Missouri River Florissant | St. Charles | Independence | Kansas City | St. Joseph | Bellevue | Omaha | Council Bluffs | Sioux City | Bismark | Great Falls
93%
Potomac River Alexandria | Washington
91%
Ohio River Evansville | Owensboro | Louisville | Jeffersonville | Cincinnati | Pittsburgh
91%
Arkansas River Little Rock | North Little Rock | Conway | Fort Smith | Broken Arrow | Tulsa | Wichita | Pueblo
91%
Delaware River Wilmington | Philadelphia | Camden | Trenton
85%
Lake Ontario Rochester | Hamilton | Kingston | Mississauga | Toronto | St. Catherines | Burlington | Oakville | Pickering | Oshawa | Ajax | Whitby
78%
Tennessee River Decatur | Huntsville | Chattanooga | Knoxville
75%
Columbia River Portland | Vancouver | Gresham | Kennewick | Pasco | Richland
75%
Colorado River Yuma | Lake Havasu City | Grand Junction | San Luis Rio Colorado
56%
Red River Alexandria | Shreveport | Bossier City
20%
No matching quizzes found
Score Distribution
Percent of People with Each Score
Percentile by Number Answered
Your Score History
You have not taken this quiz